| 000 | 00703nam a22002177a 4500 | ||
|---|---|---|---|
| 005 | 20120911144129.0 | ||
| 008 | 120911t xxu||||| |||| 00| 0 eng d | ||
| 010 | _aENG-105846 | ||
| 020 |
_a9788170438342 _c200.00 |
||
| 035 | _aEN-89379 | ||
| 037 | _bDBAD/PUB | ||
| 040 |
_aDPL _bEnglish |
||
| 082 | _aS | ||
| 100 |
_aGrover, Sameer _952216 |
||
| 245 |
_aThe prince and the potter / _cby Sameer Grover |
||
| 260 |
_aNew Delhi _bAtma Ram _c2012 |
||
| 270 |
_a1376, Kashmere Gate _bNew Delhi _e110006 |
||
| 300 |
_a88p. _c22cm(Hb) |
||
| 942 |
_2ddc _cEN _mGRO _hS |
||
| 999 |
_c69881 _d69881 |
||